|
|
|
|
| LEADER |
00000naa2a2200000 4500 |
| 001 |
395818 |
| 005 |
20231101064709.0 |
| 035 |
|
|
|a (RuTPU)RU\TPU\prd\33428
|
| 090 |
|
|
|a 395818
|
| 100 |
|
|
|a 20050302a2005 k y0rusy50 ca
|
| 101 |
0 |
|
|a rus
|
| 102 |
|
|
|a RU
|
| 200 |
1 |
|
|a Адаптация в системах управления технологическими процессами
|f В. Я. Ротач
|
| 225 |
1 |
|
|a АСУ для промышленных предприятий
|
| 320 |
|
|
|a Библиогр.: 20 назв.
|
| 461 |
|
1 |
|0 (RuTPU)RU\TPU\prd\2287
|t Промышленные АСУ и контроллеры
|o ежемесячный научно-технический производственный журнал
|d 2002-
|
| 463 |
|
1 |
|0 (RuTPU)RU\TPU\prd\32792
|t № 1
|v С. 4-10
|d 2005
|
| 610 |
1 |
|
|a промышленные предприятия
|
| 610 |
1 |
|
|a технологические процессы
|
| 610 |
1 |
|
|a системы управления
|
| 610 |
1 |
|
|a адаптация
|
| 610 |
1 |
|
|a разработка алгоритмов
|
| 610 |
1 |
|
|a минимизация потерь
|
| 610 |
1 |
|
|a критерии оптимального управления
|
| 700 |
|
1 |
|a Ротач
|b В. Я.
|
| 801 |
|
1 |
|a RU
|b 63413507
|c 20050302
|g PSBO
|
| 942 |
|
|
|c BK
|